LEADER 01220nam 2200397 450 001 9910409737503321 005 20221017115352.0 010 $a1-83880-104-9 035 $a(CKB)4100000011335619 035 $a(NjHacI)994100000011335619 035 $a(EXLCZ)994100000011335619 100 $a20221017d2020 uy 0 101 0 $aeng 135 $aur||||||||||| 181 $ctxt$2rdacontent 182 $cc$2rdamedia 183 $acr$2rdacarrier 200 00$aProbability, combinatorics and control /$fedited by Andrey Kostogryzov and Victor Korolev 210 1$aLondon, England :$cIntechOpen,$d[2020] 210 4$d©2020 215 $a1 online resource (334 pages) $cillustrations 311 $a1-83880-103-0 320 $aIncludes bibliographical references. 606 $aCombinatorial analysis 606 $aProbabilities$xMathematical models 615 0$aCombinatorial analysis. 615 0$aProbabilities$xMathematical models. 676 $a511.6 702 $aKostogryzov$b Andrey 702 $aKorolev$b Victor 801 0$bNjHacI 801 1$bNjHacl 906 $aBOOK 912 $a9910409737503321 996 $aProbability, Combinatorics and Control$92285211 997 $aUNINA LEADER 03392nam 2200661 450 001 9910787115003321 005 20230125185321.0 010 $a1-60649-879-7 035 $a(CKB)3710000000313117 035 $a(EBL)1887366 035 $a(SSID)ssj0001536791 035 $a(PQKBManifestationID)11833341 035 $a(PQKBTitleCode)TC0001536791 035 $a(PQKBWorkID)11512753 035 $a(PQKB)11353572 035 $a(OCoLC)898491933 035 $a(CaBNVSL)swl00404467 035 $a(Au-PeEL)EBL1887366 035 $a(CaPaEBR)ebr10997459 035 $a(OCoLC)898100936 035 $a(CaSebORM)9781606498781 035 $a(MiAaPQ)EBC1887366 035 $a(EXLCZ)993710000000313117 100 $a20141221d2015 fy 0 101 0 $aeng 135 $aur|n|---||||| 181 $ctxt 182 $cc 183 $acr 200 10$aExecutive compensation $eaccounting and economic issues /$fGary Giroux 205 $aFirst edition. 210 1$aNew York, New York (222 East 46th Street, New York, NY 10017) :$cBusiness Expert Press,$d2015. 215 $a1 online resource (212 p.) 225 1 $aFinancial accounting and auditing collection,$x2151-2817 300 $aPart of: 2014 digital library. 311 $a1-60649-878-9 320 $aIncludes bibliographical references (pages 187-190) and index. 327 $aIntroduction to executive compensation -- Compensation basics -- Accounting for executive pay -- Historical perspective on executive pay -- Economic theory -- International comparisons -- The future of executive compensation -- Appendix 1. Microsoft proxy disclosures, 2013 -- Appendix 2. Microsoft 10-K stock compensation disclosures, 2013 -- Appendix 3. Pfizer 10-K disclosures, 2012 -- Timeline -- Glossary -- Notes -- References -- Index. 330 3 $aThe chief executive officer (CEO) of a corporation and his or her executive team are responsible for the management of the business and its continued operating and financial success. The CEO and executive team are almost always highly compensated and the relative total compensation has mushroomed over time. Most of the compensation now is designed to be performance-based, but leading to charges that executives have incentives to manipulate corporate earnings and stock price in the short-term for their own self interests. The compensation at some companies became so egregious (Enron and other tech-bubble failures or Citigroup and other banks during the subprime meltdown) that compensation again became a major public policy issue subject to federal regulation. (Popular outrage and calls for government action against well-paid CEOs has been common at least since the 1930s.) 410 0$a2014 digital library. 410 0$aFinancial accounting and auditing collection.$x2151-2817 606 $aExecutives$xSalaries, etc 610 $aagency theory 610 $acompensation accounting 610 $aeconomic theory 610 $aexecutive compensation 610 $aproxy statement and 10-k disclosure 610 $astock options/stock-based compensation 615 0$aExecutives$xSalaries, etc. 676 $a658.4072 700 $aGiroux$b Gary A.$0857173 801 0$bMiAaPQ 801 1$bMiAaPQ 801 2$bMiAaPQ 906 $aBOOK 912 $a9910787115003321 996 $aExecutive compensation$93829198 997 $aUNINA LEADER 02966nam 22005535 450 001 9910554262003321 005 20231110212305.0 010 $a9783110706970 010 $a3110706970 024 7 $a10.1515/9783110706970 035 $a(CKB)4100000011726311 035 $a(DE-B1597)551295 035 $a(DE-B1597)9783110706970 035 $a(OCoLC)1232276117 035 $a(MiAaPQ)EBC6458261 035 $a(Au-PeEL)EBL6458261 035 $a(Perlego)2110528 035 $a(EXLCZ)994100000011726311 100 $a20210125h20212021 fg 101 0 $ager 135 $aur||||||||||| 181 $ctxt$2rdacontent 182 $cc$2rdamedia 183 $acr$2rdacarrier 200 10$aDigitaltechnik und digitale Systeme $eEine Einführung mit VHDL /$fJürgen Reichardt 205 $a5., überarbeitete Auflage 210 1$aBerlin ;$aBoston : $cDe Gruyter, $d[2021] 210 4$d©2021 215 $a1 online resource (XIII, 573 p.) 225 0 $aDe Gruyter Studium 311 08$a9783110706963 311 08$a3110706962 327 $tFrontmatter -- $tVorwort zur 5. Auflage -- $tInhalt -- $t1 Einleitung -- $t2 Modellierung digitaler Schaltungen -- $t3 Boole?sche Algebra -- $t4 VHDL-Einführung I -- $t5 FPGA-Simulation und -Synthese mit Vivado -- $t6 Zahlensysteme in der Digitaltechnik -- $t7 Logikminimierung -- $t8 VHDL-Einführung II -- $t9 Codes -- $t10 Physikalische Implementierung und Beschaltung von Logikgattern -- $t11 Datenpfadkomponenten -- $t12 Latches und Flipflops in synchronen Schaltungen -- $t13 FPGA-Entwurf synchroner Schaltungen mit Vivado -- $t14 Entwurf synchroner Zustandsautomaten -- $t15 Entwurf von Synchronzählern -- $t16 Schieberegister -- $t17 Kommunikation zwischen digitalen Teilsystemen -- $t18 Digitale Halbleiterspeicher -- $t19 Programmierbare Logik -- $t20 Anhang -- $tLiteraturverzeichnis -- $tStichwortverzeichnis 330 $aDieses Lehrbuch kann entweder vorlesungsbegleitend oder für das Selbststudium verwendet werden. Es enthält eine systematische Einführung in die Grundlagen der Digitaltechnik und der digitalen Systeme. Die Konzepte werden Schritt für Schritt zusammen mit den wesentlichen Sprachelementen der Hardwarebeschreibungssprache VHDL eingeführt. Durch Simulationen und Analysen von FPGA-Hardwareimplementierungen wird das Verständnis für die VHDL-Sprachkonstrukte systematisch geschärft. 410 3$aDe Gruyter Studium 606 $aCOMPUTERS / Systems Architecture / General$2bisacsh 610 $aVHDL. 610 $adigital circuits. 610 $adigital components. 610 $adigital technology. 615 7$aCOMPUTERS / Systems Architecture / General. 686 $aZN 5600$2rvk 700 $aReichardt$b Jürgen, $4aut$4http://id.loc.gov/vocabulary/relators/aut$0739833 801 0$bDE-B1597 801 1$bDE-B1597 906 $aBOOK 912 $a9910554262003321 996 $aDigitaltechnik und digitale Systeme$92820042 997 $aUNINA